00866caa a22001692a 4500001000900000003001100009008004300020092001700063100002200080245005300102300001400155500016700169942000900336999001700345773016600362773016800528 015062 AR-FADEU 311216n########xxu####################dd aA860.2bW423 aBaraja, Francisco aA la señorita doña Manuelita Rosas y Ezcurra aPP. 61-62 aEn: La época de Rosas : M. Sastre, J. B. Alberdi, E. Echeverría : antología / comp. Félix Weinberg. Buenos Aires : Centro Editor de América Latina, 1979 cBDGR c20821d208210 0663094293aWeinberg, Félix, comp.bdBuenos Aireso19tLa época de Rosas : M. Sastre, J. B. Alberdi, E. Echeverría : antologíaw( AR-FADEU) 000790xz0 0663094294aWeinberg, Félix, comp.bdBuenos Aireso8610tLa época de Rosas : M. Sastre, J. B. Alberdi, E. Echeverría : antologíaw( AR-FADEU) 000790xz